000
00224nam a22000857a 4500
008
160720b xxu||||| |||| 00| 0 eng d
100
_9
3071
_a
Lal & Company
245
_a
Master Science - X
260
_a
New Delhi
_b
Lal & Company
_c
2007
999
_c
2634
_d
2634